000 00574nam a2200193Ia 4500
008 151119s9999||||xx |||||||||||||| ||und||
082 _a891.46308
082 _bGKKV22675
100 _aफडणीस शंकुतला
245 _aफोटोवर टिच्चून
260 _a--
260 _b--
260 _c0
600 _aफडणीस शंकुतला
630 _aफोटोवर टिच्चून
700 _aफडणीस शंकुतला
730 _aफोटोवर टिच्चून
942 _cBOOK
999 _c1075395
_d1075392